| 000 | 01381cam a22003735a 4500 | ||
|---|---|---|---|
| 001 | 015855358 | ||
| 003 | OSt | ||
| 005 | 20240818093011.0 | ||
| 008 | 110725t2012 nyua fr 001 0 eng d | ||
| 015 |
_aGBB188218 _2bnb |
||
| 016 | 7 |
_a015855358 _2Uk |
|
| 020 | _a9780071763479 (paperback) | ||
| 020 | _a0071763473 (paperback) | ||
| 040 |
_aStDuBDS _beng _cStDuBDS _dUk _dEG-ScBUE |
||
| 082 | 0 | 4 |
_a514.076 _bLIP _222 |
| 100 | 1 |
_aLipschutz, Seymour. _92663 |
|
| 245 | 1 | 0 |
_aGeneral topology / _cSeymour Lipschutz. |
| 260 |
_aNew York : _bMcGraw-Hill, _cc.2012. |
||
| 300 |
_a239 p. : _bill. ; _c28 cm. |
||
| 490 | 0 | _a Schaum’s outline series | |
| 500 | _a"391 fully solved problems"--Cover. | ||
| 500 | _aOriginal ed. published as: Schaum's outline of theory and problems of general topology. 1965. | ||
| 500 | _aIndex : p. | ||
| 500 | _aUse with these courses : Introduction to probability and statistics - Probability - Statistics - Introduction to Statistics. | ||
| 650 | 7 |
_aTopology _vProblems, exercises, etc. _2BUEsh _941254 |
|
| 651 | _2BUEsh | ||
| 653 |
_bENGELC _cSeptember2016 |
||
| 655 |
_vReading book _934232 |
||
| 700 | 1 |
_aLipschutz, Seymour. _tSchaum's outline of theory and problems of general topology. |
|
| 942 |
_2ddc _hRDA-MOD |
||
| 999 |
_c22418 _d22390 |
||
| 336 |
_2rdacontent _atext _btxt |
||
| 337 |
_aunmediated _2rdamedia _bn |
||
| 338 |
_avolume _bnc _2rdacarrier |
||